2001 Türkiye insan hakları raporu (Record no. 6651)

MARC details
000 -BAŞLIK
Sabit Uzunlukta Kontrol Alanı 01031na a2200289 4500
001 - KONTROL NUMARASI
Denetim Alanı 15653
003 - KONTROL NUMARASI IDENTIFIER
Denetim Alanı MIRAKIL
005 - SON İŞLEM TARİHİ VE ZAMANI
Denetim Alanı 20181213155114.0
008 - SABİT-BOY VERİ ELEMANLARI - GENEL BİLGİLER
Sabit Uzunlukta Kontrol Alanı 161011b tu 000 0
020 ## - ULUSLARARASI STANDART KİTAP NUMARASI
Uluslararası Standart Kitap Numarası 9757217336
035 ## - SİSTEM KONTROL NUMARASI
Sistem Kontrol Numarası 15653
040 ## - KATALOGLAMA KAYNAK
Orijinal Kataloglama Ajansı Milas
Kataloglama Dili tur
Metne Dönüştürmek Ajansı TR-AnCHP
041 ## - DİL KODU
Metin / Ses Parça Veya Ayrı Başlığın Dil Kodu tur
082 ## - DEWEY ONLU SINIFLANDIRMA NUMARASI
Sınıflandırma Numarası 323.09561 2001
Ürün Numarası T53i 2002
090 ## - SINIFLAMA NUMARASI
Sınıflama Numarası 323.09561 2001 T53i 2002
110 ## - ANA GİRİŞ - KURUMSAL ADI
Giriş Elemanı Olarak Kurumsal Ad Veya Yargı Alanı Adı Türkiye İnsan Hakları Vakfı (TİHV)
245 ## - BAŞLIK TABLOSU
Başlık 2001 Türkiye insan hakları raporu
Sorumluluk Tablosu, Vb Türkiye İnsan Hakları Vakfı
246 ## - UNVAN FORM VARYING
Başlık Doğru / Kısa Başlığı Türkiye insan hakları raporu
260 ## - YAYIN, DAĞITIM, VB
Yayın, Dağıtım, Vb Yeri Ankara
Yayıncı, Dağıtıcı, Vs Adı Türkiye İnsan Hakları Vakfı Yayınları
Yayın, Dağıtım, Vb Tarihi 2002
300 ## - FİZİKSEL TANIM
Kapsam vii, 438 s.
Boyutlar 30 sm.
490 ## - SERİSİ TABLOSU
Seri Beyanı Türkiye İnsan Hakları Vakfı yayınları
Hacim / Ardışık Tanımı 28
650 ## - KONU KATMA GİRİŞ - TOPİKAL DÖNEM
Topikal Süreli Veya Coğrafi Ad Giriş Elemanı İnsan hakları
Genel Alt Bölümü Raporlar
Kronolojik Alt Bölümü 2001
Coğrafi Alt Bölümü Türkiye
650 ## - KONU KATMA GİRİŞ - TOPİKAL DÖNEM
Topikal Süreli Veya Coğrafi Ad Giriş Elemanı İnsan hakları ihlali
Genel Alt Bölümü Raporlar
-- Yıllıklar
Kronolojik Alt Bölümü 2001
Coğrafi Alt Bölümü Türkiye
650 ## - KONU KATMA GİRİŞ - TOPİKAL DÖNEM
Topikal Süreli Veya Coğrafi Ad Giriş Elemanı Hak ve özgürlükler
Genel Alt Bölümü Raporlar
-- Yıllıklar
Kronolojik Alt Bölümü 2001
Coğrafi Alt Bölümü Türkiye
650 ## - KONU KATMA GİRİŞ - TOPİKAL DÖNEM
Topikal Süreli Veya Coğrafi Ad Giriş Elemanı Medeni haklar
Genel Alt Bölümü Raporlar
-- Yıllıklar
Kronolojik Alt Bölümü 2001
Coğrafi Alt Bölümü Türkiye
942 ## - EKLENDİ GİRİŞ ELEMANLARI (KOHA)
Sınıflandırma Veya Raf Düzeni Kaynak Dewey Decimal Classification
Koha Öğesi Türü Books
999 ## - SİSTEM KONTROL NUMARALARI (KOHA)
Koha Biblionumber 6651
Koha Biblioitemnumber 6651
Holdings
Kalıcı Konum Mevcut Konum Edinme Tarihi Edinim Kaynak Toplam Check-Out'Lar Tam Çağrı Numarası Barkod Tarih Son Görülme İtibaren Geçerli Fiyatlar Koha Öğesi Türü
CHP Kütüphanesi CHP Kütüphanesi 09/19/2016 Bağış   323.09561 2001 T53i 2002 005267 09/19/2016 09/19/2016 Books